A S.M. el Rey don Alfonso XII (Q.D.G.) tiene la honra de ofrecer el primer azucar de remolacha obtenido en los dominios españoles producto de su colonia agrícola Santa Isabel / (Record no. 166551)
[ view plain ]
| 000 -LEADER | |
|---|---|
| campo de control de longitud fija | 01082nam a2200205 i 4500 |
| 001 - NÚMERO DE CONTROL | |
| campo de control | 166551 |
| 003 - IDENTIFICADOR DE NÚMERO DE CONTROL | |
| campo de control | ES-MaACL |
| 005 - FECHA Y HORA DE LA ÚLTIMA TRANSACCIÓN | |
| campo de control | 20230906213345.0 |
| 008 - DATOS DE LONGITUD FIJA--INFORMACIÓN GENERAL | |
| campo de control de longitud fija | 990928s1882 sp |||| | spa d |
| 040 ## - FUENTE DE CATALOGACIÓN | |
| Centro catalogador/agencia de origen | CCPB | B |
| Lengua de catalogación | spa |
| Centro/agencia transcriptor | CCPB | B |
| 100 1# - ENTRADA PRINCIPAL--NOMBRE DE PERSONA | |
| Nombre de persona | Martel y Fernández de Córdoba, Ricardo |
| Títulos y otros términos asociados al nombre | Conde de Torres Cabrera. |
| 9 (RLIN) | 77162 |
| 245 10 - MENCIÓN DEL TÍTULO | |
| Título | A S.M. el Rey don Alfonso XII (Q.D.G.) tiene la honra de ofrecer el primer azucar de remolacha obtenido en los dominios españoles producto de su colonia agrícola Santa Isabel / |
| Mención de responsabilidad, etc. | el Conde de Torres-Cabrera. |
| 260 ## - PUBLICACIÓN, DISTRIBUCIÓN, ETC. | |
| Lugar de publicación, distribución, etc. | [Córdoba] : |
| Nombre del editor, distribuidor, etc. | [s.n.], |
| Fecha de publicación, distribución, etc. | 1882 ( |
| Fabricante | Imp., Librería y Litogr. del "Diario de Córdoba) |
| 300 ## - DESCRIPCIÓN FÍSICA | |
| Extensión | 160 p., [1] h. pleg. ; |
| Dimensiones | 30 cm. |
| 530 ## - NOTA DISPONIBLE DE FORMULARIO FÍSICO ADICIONAL | |
| Nota de formato físico adicional disponible | Disponible también en sitio web. |
| 650 #4 - PUNTO DE ACCESO ADICIONAL DE MATERIA--TÉRMINO DE MATERIA | |
| Término de materia o nombre geográfico como elemento de entrada | Remolacha- |
| Subdivisión geográfica | Córdoba (Provincia) |
| 9 (RLIN) | 152041 |
| 650 #4 - PUNTO DE ACCESO ADICIONAL DE MATERIA--TÉRMINO DE MATERIA | |
| Término de materia o nombre geográfico como elemento de entrada | Industria azucarera- |
| Subdivisión geográfica | Córdoba (Provincia) |
| 9 (RLIN) | 152042 |
| 852 ## - LOCALIZACIÓN | |
| Ubicación | ES-MaACL |
| Número de control de estantería | T-664-F-9 |
| Nota libre | -- Enc. hol., conservando la cub. original |
| 856 ## - LOCALIZACIÓN Y ACCESO ELECTRÓNICOS | |
| Identificador Uniforme de Recursos | <a href="http://bibliotecadigitalhispanica.bne.es:80/webclient/DeliveryManager?pid=1839716&custom_att_2=simple_viewer">http://bibliotecadigitalhispanica.bne.es:80/webclient/DeliveryManager?pid=1839716&custom_att_2=simple_viewer</a> |
| Nota pública | Ir a la página |
| Estatus retirado | Estado de pérdida | Estado de daño | No para préstamo | Colección | Biblioteca de origen | Biblioteca actual | Ubicación en estantería | Fecha de adquisición | Total de préstamos | Signatura topográfica completa | Código de barras | Visto por última vez | Precio de reemplazo | Tipo de ítem Koha |
|---|---|---|---|---|---|---|---|---|---|---|---|---|---|---|
| Colección de folletos | Biblioteca del Ateneo de Madrid | Biblioteca del Ateneo de Madrid | Depósito folletos | 17/01/2008 | T-664-F-9 | 1174681 | 23/02/2023 | 23/02/2023 | Folleto |
